Statistiques concernant Les 10 Pays les plus densément peuplés

Cliquez ici pour prendre le quiz!

Statistiques générales

  • Ce quiz a été pris 68 fois
  • Le résultat moyen est 5 sur 10

Statistiques - réponses

PositionPays% Correct
1Monaco
85%
2Singapour
77%
3Vatican
73%
7Bangladesh
60%
9Taiwan
53%
4Bahrein
48%
5Malte
42%
10Maurice
39%
6Maldives
31%
8Barbade
23%

Distribution des résultats

Percentile par nombre de réponses

% des personnes avec chaque résultat

Votre développement - résultats

Vous n’avez pas pris ce quiz